|
|
|
|
| LEADER |
00000nab#a22000007a#4500 |
| 001 |
arbauad029348 |
| 003 |
AR-BaUAD |
| 005 |
20250711112357.0 |
| 008 |
971127|||||||||###||||||b###|0###a|spa|| |
| 040 |
|
|
|a AR-BaUAD
|c AR-BaUAD
|b spa
|
| 100 |
|
|
|a Meninato, Pablo
|
| 245 |
|
|
|a A. ahora depto. en duplex /
|c Pablo Meninato;
|
| 300 |
0 |
|
|b axonom., cortes, fot., plantas, vistas
|
| 653 |
|
|
|a ARGENTINA
|
| 653 |
|
|
|a EDIFICIOS DE VIVIENDAS
|
| 653 |
|
|
|a DUPLEX
|
| 653 |
|
|
|a MENINATO, PABLO
|
| 653 |
|
|
|a CALLE O'HIGGINS 2780
|
| 653 |
|
|
|a FLAH-BUONAMASSA
|
| 653 |
|
|
|a BUENOS AIRES, CIUDAD
|
| 653 |
|
|
|a ESSES, GUSTAVO
|
| 653 |
|
|
|a NAISTAT, ARIEL
|
| 653 |
|
|
|a CALLE VIEL 218
|
| 653 |
|
|
|a CALLE AREVALO 2842
|
| 653 |
|
|
|a MAZO-ACHAVAL
|
| 653 |
|
|
|a MAZO, ADA
|
| 653 |
|
|
|a ACHAVAL, ALEJANDRA
|
| 653 |
|
|
|a CALLE ORTEGA Y GASSET 1710
|
| 653 |
|
|
|a FAENA, CLAUDIA
|
| 653 |
|
|
|a BODAS-MIANI-ANGER
|
| 773 |
0 |
|
|t SUMMA+
|g no. 27 [oct.-nov. 1997], p. 45-53
|
| 942 |
|
|
|c ARTI
|
| 952 |
|
|
|0 0
|1 0
|4 0
|7 0
|9 74267
|a AR-BAuAD
|b AR-BAuAD
|d 2025-07-11
|l 0
|p AAQA029348
|r 2025-07-11 11:23:57
|w 2025-07-11
|y ARTI
|
| 990 |
|
|
|a AQ199
|b TD
|
| 998 |
|
|
|a AAQ
|b BIBUN76
|
| 999 |
|
|
|c 53940
|d 53940
|